MARC

LEADER 00000nam0a2200000 4500
001 8530
005 20231030181908.0
010 |a 9667033392 
035 |a (RuTPU)RU\TPU\book\8579 
035 |a BOOK00008638 
090 |a 8530 
100 |a 20011209d1997 km y0rusy50 ca 
101 1 |a rus  |c eng 
102 |a UA 
105 |a y z 000zy 
200 1 |a Внутренний мир AutoCAD 14  |e пер. с англ.  |f М. Е. Беалл [и др.] 
210 |a Киев  |c ДиаСофт  |d 1997 
215 |a 672 с. 
610 1 |a компьютерная графика 
610 1 |a AutoCAD 
610 1 |a Автокад 
610 1 |a программы 
610 1 |a пакеты прикладных программ 
675 |a 681.327.1  |v 3 
701 1 |a Беалл  |b М. Е.  |g Майкл Е. 
701 1 |a Барчард  |b Б.  |g Билл 
701 1 |a Гингао  |b Дж.  |g Джоджо 
701 1 |a Петерсон  |b М. Т.  |g Майк Тодд 
701 1 |a Питцер  |b Д. М.  |g Дэвид М. 
701 1 |a Сейдж  |b М.  |g Марк 
701 1 |a Сарда  |b С.  |g Сурия 
801 0 |a RU  |b 63413507  |c 20011209  |g PSBO 
801 2 |a RU  |b 63413507  |c 20051117  |g PSBO 
942 |c BK